[Event "Lombardia-ch"]
[Site "Monza"]
[Date "2005.05.15"]
[Round "2"]
[White "Redaelli, Gianfranco"]
[Black "Secondi, Daniele"]
[Result "1-0"]
[WhiteElo "1622"]
[BlackElo "1440"]
[PlyCount "29"]
[EventDate "2005.05.14"]
[EventType "swiss"]
[EventRounds "6"]
[EventCountry "ITA"]
[SourceTitle "EXT 2007"]
[Source "ChessBase"]
[SourceDate "2006.11.23"]
[SourceVersion "1"]
[SourceVersionDate "2006.11.23"]
[SourceQuality "1"]

1. f4 d5 2. e3 Nf6 3. Nf3 e6 4. b3 Bd6 5. Be2 0-0 6. 0-0 Nbd7 7. Bb2 Re8 8. Nc3 Ne4 9. Qe1 c6 10. Nxe4 dxe4 11. Ng5 Nc5 12. Qg3 g6 13. Qh3 Kf8 14. Nxh7+ Ke7 15. Bf6+ 1-0